|
|
|
|
| LEADER |
00733nam a2200253 a 4500 |
| 001 |
adlib96000001 |
| 003 |
ViArRB |
| 005 |
20151026130807.0 |
| 008 |
960221s1955 dcuabcdjdbkoqu001 0deng d |
| 020 |
|
|
|
| 022 |
|
|
|
| 040 |
|
|
|a Adlib
|
| 082 |
|
|
|a 621.3.049.77:535
|
| 245 |
|
|
|a Optical integrated cicuits
|
| 250 |
|
|
|
| 260 |
|
|
|a New York
|b McGraw-Hill
|c 1985
|
| 300 |
|
|
|a xv, 374p.
|
| 500 |
|
|
|a
|
| 100 |
|
|
|a Nishihara, Hiroshi
|
| 700 |
|
|
|
| 942 |
|
|
|c BK
|6 _
|
| 653 |
|
|
|a Integrated circuits
|a Integrated circuit technology
|a optical integrated circuits
|
| 999 |
|
|
|c 13314
|d 13314
|
| 952 |
|
|
|0 0
|1 0
|4 0
|6 621304977535_NIS
|7 0
|9 24779
|a UL
|b UL
|d 2010-06-16
|l 12
|m 4
|o 621.3.049.77:535 NIS
|p 00035823
|r 2014-11-11
|s 2014-10-29
|w 2010-06-16
|y BK
|